[Event "NJSK 2019 Meisjes B"]
[Site "Assen, Netherlands"]
[Date "2019.04.28"]
[Round "1.1"]
[White "De Putter, Nina"]
[Black "De Boer, Marit"]
[Result "1-0"]
[WhiteElo "1701"]
[BlackElo "1454"]
[PlyCount "59"]
[EventDate "2019.??.??"]

1. e4 e5 2. Nc3 Nc6 3. f4 d6 4. Nf3 Bg4 5. h3 Bxf3 6. Qxf3 Nd4 7. Qd3 Nf6 8.
Ne2 Nxe2 9. Bxe2 Qd7 10. O-O Be7 11. Qf3 O-O-O 12. Bc4 Qe8 13. fxe5 dxe5 14.
Qf5+ Kb8 15. Qxe5 Bd6 16. Qxe8 Rhxe8 17. d3 Re7 18. Bg5 Be5 19. c3 h6 20. Be3
Bd6 21. Bxh6 Rg8 22. Bg5 Bc5+ 23. Kh1 c6 24. d4 Rxe4 25. Bd3 Nh7 26. Bf4+ Rxf4
27. Rxf4 Bd6 28. Bxh7 Rh8 29. Rh4 g6 30. Rf1 1-0

[Event "NJSK 2019 Meisjes B"]
[Site "Assen, Netherlands"]
[Date "2019.04.28"]
[Round "1.2"]
[White "Martinez, Sara"]
[Black "Adema, Marrit"]
[Result "1/2-1/2"]
[WhiteElo "1632"]
[BlackElo "1563"]
[PlyCount "61"]
[EventDate "2019.??.??"]

1. e4 c5 2. Nf3 d6 3. d4 cxd4 4. Qxd4 a6 5. c4 Nc6 6. Qd3 g6 7. a3 Bg7 8. Nc3
Nf6 9. Be2 O-O 10. O-O Be6 11. Bf4 Na5 12. Nd5 Rc8 13. Rac1 Nxd5 14. cxd5 Rxc1
15. Rxc1 Bd7 16. b4 Bb5 17. Qe3 Nb3 18. Rb1 Bxe2 19. Qxe2 Nd4 20. Nxd4 Bxd4 21.
Bh6 Re8 22. Qd2 Bf6 23. Rc1 Qd7 24. h3 Rc8 25. Rxc8+ Qxc8 26. Bg5 Bxg5 27. Qxg5
Kg7 28. Qxe7 Qc1+ 29. Kh2 Qf4+ 30. Kg1 Qc1+ 31. Kh2 1/2-1/2

[Event "NJSK 2019 Meisjes B"]
[Site "Assen, Netherlands"]
[Date "2019.04.28"]
[Round "1.3"]
[White "Van Essen, Marieke"]
[Black "Tiggelman, Laura"]
[Result "1/2-1/2"]
[WhiteElo "1510"]
[BlackElo "1468"]
[PlyCount "43"]
[EventDate "2019.??.??"]

1. e4 c5 2. Nf3 d6 3. d4 cxd4 4. Nxd4 Nf6 5. Nc3 g6 6. Be3 Bg7 7. Be2 O-O 8.
O-O Nc6 9. h3 d5 10. exd5 Nxd5 11. Nxc6 bxc6 12. Bd4 Nxc3 13. Bxc3 Bxc3 14.
bxc3 Be6 15. Qd4 Qc7 16. Qc5 Rfd8 17. c4 Rab8 18. Rab1 Bf5 19. Bf3 Rxb1 20.
Rxb1 Rd6 21. Rb5 Re6 22. g4 1/2-1/2

[Event "NJSK 2019 Meisjes B"]
[Site "Assen, Netherlands"]
[Date "2019.04.28"]
[Round "1.4"]
[White "Arnold, Kiri"]
[Black "De Zoeten, Cato"]
[Result "0-1"]
[WhiteElo "1304"]
[BlackElo "1573"]
[PlyCount "108"]
[EventDate "2019.??.??"]

1. e4 Nc6 2. d4 d5 3. e5 Bf5 4. c3 e6 5. Bd3 Bg6 6. Nf3 Nge7 7. Bg5 Qd7 8. Bxg6
hxg6 9. Nbd2 Nf5 10. Qa4 Be7 11. Bxe7 Ncxe7 12. Qxd7+ Kxd7 13. Rc1 Nh4 14. Nxh4
Rxh4 15. Nf3 Rh6 16. Ke2 f6 17. b4 c6 18. g3 a5 19. Rc2 g5 20. Rb1 g4 21. Ne1
b5 22. Nd3 Nf5 23. Nc5+ Ke7 24. bxa5 Rxa5 25. a4 Rxh2 26. Kd3 fxe5 27. dxe5 Rh8
28. axb5 Rxb5 29. Rxb5 cxb5 30. Ra2 Kf7 31. Ra7+ Ne7 32. Rb7 Rh5 33. Kd4 Rf5
34. Nd3 Rf3 35. Ra7 g5 36. Rb7 Kf8 37. Rb8+ Kf7 38. Rb7 Ke8 39. Rb8+ Kd7 40.
Kc5 Rxd3 41. Rb7+ Kd8 42. Kd6 Rxc3 43. Rxe7 Rc6+ 44. Kxc6 Kxe7 45. Kxb5 Kd7 46.
Kc5 Kc7 47. Kb5 Kb7 48. Kc5 Ka6 49. Kd6 d4 50. Kxe6 d3 51. Kf7 d2 52. e6 d1=Q
53. e7 Qd5+ 54. Kf6 Qg8 0-1

[Event "NJSK 2019 Meisjes B"]
[Site "Assen, Netherlands"]
[Date "2019.04.29"]
[Round "2.1"]
[White "De Boer, Marit"]
[Black "De Zoeten, Cato"]
[Result "1/2-1/2"]
[WhiteElo "1454"]
[BlackElo "1573"]
[PlyCount "107"]
[EventDate "2019.??.??"]

1. c4 Nf6 2. Nc3 g6 3. g3 Bg7 4. Bg2 O-O 5. Nf3 d6 6. O-O c5 7. d3 Nc6 8. Rb1
Rb8 9. a3 Bd7 10. Bd2 a5 11. Qc1 Nd4 12. Nxd4 cxd4 13. Ne4 a4 14. Nxf6+ Bxf6
15. Bb4 Bc6 16. Qc2 Qd7 17. Rfc1 Rfc8 18. Qd1 e5 19. Rc2 Re8 20. Qf1 Rbc8 21.
Bh3 Qe7 22. Bxc8 Rxc8 23. f3 h5 24. Bd2 Kg7 25. h4 Rg8 26. Qc1 Kf8 27. Bg5 Bd7
28. Kf2 Bc6 29. Qd2 Qe6 30. Bxf6 Qxf6 31. e4 g5 32. hxg5 Rxg5 33. Qe1 Qg6 34.
Qh1 f5 35. Rg1 fxe4 36. fxe4 Rf5+ 37. Ke1 Qg5 38. Kd1 Qe3 39. Rd2 Rf3 40. Rf1
Bxe4 41. Re1 Qxd2+ 42. Kxd2 Rf2+ 43. Kc1 Bxh1 44. Rxh1 Rf5 45. Rh4 Rg5 46. Kd2
Kf7 47. Ke1 Ke6 48. Kf2 d5 49. cxd5+ Kxd5 50. Kf3 b5 51. Kf2 Ke6 52. Kg2 Kf6
53. Kf3 Kf5 54. Rh2 1/2-1/2

[Event "NJSK 2019 Meisjes B"]
[Site "Assen, Netherlands"]
[Date "2019.04.29"]
[Round "2.2"]
[White "Tiggelman, Laura"]
[Black "Arnold, Kiri"]
[Result "0-1"]
[WhiteElo "1468"]
[BlackElo "1304"]
[PlyCount "128"]
[EventDate "2019.??.??"]

1. e4 c5 2. Nf3 Nc6 3. c3 e6 4. d3 d5 5. Nbd2 Nf6 6. Qe2 Be7 7. g3 O-O 8. Bg2
Rb8 9. O-O b6 10. Re1 Bb7 11. e5 Nd7 12. h4 Qc7 13. Nf1 Ba6 14. N1h2 c4 15. d4
b5 16. h5 b4 17. Ng4 bxc3 18. bxc3 Qa5 19. Qd2 Ba3 20. Qg5 Bxc1 21. Rexc1 Qd8
22. Qf4 f6 23. exf6 Nxf6 24. Qe3 Qd6 25. Nxf6+ Rxf6 26. Ne5 Rbf8 27. Ng4 Rf5
28. h6 g6 29. Bh3 Rf3 30. Qg5 R3f5 31. Qe3 Rf3 32. Qe2 Bc8 33. Nh2 Rxf2 34.
Qxf2 Rxf2 35. Kxf2 Qf8+ 36. Nf3 Qxh6 37. Rh1 Qf8 38. Rae1 Qa3 39. Bxe6+ Bxe6
40. Rxe6 Qxa2+ 41. Ke3 Qa4 42. Ng5 Qc2 43. Rxc6 Qd3+ 44. Kf2 Qd2+ 45. Kf3 Qxg5
46. Re1 Qf5+ 47. Kg2 Kg7 48. Rc7+ Kh6 49. Rxa7 Qc2+ 50. Kh3 Qxc3 51. Rd1 Qf3
52. Raa1 Kg5 53. Rf1 Qg4+ 54. Kh2 Qxd4 55. Rad1 Qb2+ 56. Kg1 Qb6+ 57. Kg2 d4
58. Rf4 Qb2+ 59. Kg1 d3 60. Rxc4 Qe2 61. Rcc1 d2 62. Rb1 Kg4 63. Rb4+ Kh3 64.
Rh4+ Kxg3 0-1

[Event "NJSK 2019 Meisjes B"]
[Site "Assen, Netherlands"]
[Date "2019.04.29"]
[Round "2.3"]
[White "Adema, Marrit"]
[Black "Van Essen, Marieke"]
[Result "1-0"]
[WhiteElo "1563"]
[BlackElo "1510"]
[PlyCount "113"]
[EventDate "2019.??.??"]

1. e4 e5 2. Nf3 Nc6 3. Bc4 Bc5 4. c3 Nf6 5. d3 h6 6. b4 Be7 7. b5 Na5 8. Nxe5
Nxc4 9. Nxc4 d5 10. exd5 Qxd5 11. O-O Qxb5 12. Re1 Be6 13. Ba3 Bxa3 14. Nbxa3
Qc6 15. Na5 Qxc3 16. Qa4+ c6 17. Nxb7 O-O 18. Rac1 Qxd3 19. Nc5 Qd2 20. Nxe6
fxe6 21. Nc4 Qd5 22. Ne5 Qb5 23. Qc2 Rac8 24. Nxc6 Kh8 25. Nxa7 Rxc2 26. Nxb5
Rxa2 27. Rxe6 Nd5 28. Rf1 Nb4 29. Nc3 Rd2 30. Re2 Rfd8 31. Rxd2 Rxd2 32. Ne4
Re2 33. Ng3 Rd2 34. f4 Nd5 35. Rf3 Kg8 36. h3 Kf7 37. Kh2 Rd4 38. Ne2 Re4 39.
Rf2 Nb4 40. Nc3 Rc4 41. Nb5 Kf6 42. Rf3 Nd5 43. Kg3 Rc5 44. Nd6 Ra5 45. Nc4 Ra4
46. Ne3 Ne7 47. Kf2 Ra2+ 48. Kg3 Ra4 49. h4 Nf5+ 50. Kg4 h5+ 51. Kxh5 Nxe3 52.
Rxe3 Rxf4 53. Rg3 Rf5+ 54. Rg5 Rxg5+ 55. hxg5+ Kf5 56. g3 g6+ 57. Kh6 1-0

[Event "NJSK 2019 Meisjes B"]
[Site "Assen, Netherlands"]
[Date "2019.04.29"]
[Round "2.4"]
[White "De Putter, Nina"]
[Black "Martinez, Sara"]
[Result "1-0"]
[WhiteElo "1701"]
[BlackElo "1632"]
[PlyCount "115"]
[EventDate "2019.??.??"]

1. e4 e6 2. d4 d5 3. Nd2 c5 4. Ngf3 Nc6 5. exd5 exd5 6. Bb5 Be7 7. dxc5 Bxc5 8.
O-O Bg4 9. Nb3 Bb6 10. Re1+ Nge7 11. Bg5 f6 12. Bh4 O-O 13. h3 Bh5 14. Qe2 Ne5
15. g4 Nxf3+ 16. Qxf3 Bg6 17. Qe2 Nc8 18. Rad1 Be4 19. Bd3 Bxd3 20. Rxd3 Qd6
21. c4 Bc7 22. Bg3 Qb6 23. Bxc7 Qxc7 24. Rxd5 Nb6 25. Rc5 Qf4 26. Qe3 Qxe3 27.
Rxe3 Rfc8 28. Re7 Nxc4 29. Rxb7 Nxb2 30. Rxc8+ Rxc8 31. Rxa7 Nd3 32. Nd4 Rc1+
33. Kg2 Ne1+ 34. Kg3 Rc3+ 35. Kh2 Nf3+ 36. Nxf3 Rxf3 37. Kg2 Rc3 38. a4 Ra3 39.
a5 Ra1 40. a6 Ra3 41. f3 Ra2+ 42. Kg3 Ra1 43. Kf4 Ra4+ 44. Kf5 Ra1 45. Ke6 Re1+
46. Kd7 Ra1 47. Kc8 Ra2 48. Ra8 Re2 49. Kb7+ Kf7 50. Rc8 Rb2+ 51. Ka8 Ke7 52.
Rb8 Ra2 53. Rb6 Kd7 54. Kb7 Rc2 55. a7 Rc7+ 56. Ka6 Rc8 57. Rb8 Rc6+ 58. Kb5
1-0

[Event "NJSK 2019 Meisjes B"]
[Site "Assen, Netherlands"]
[Date "2019.04.30"]
[Round "3.1"]
[White "Van Essen, Marieke"]
[Black "De Putter, Nina"]
[Result "0-1"]
[WhiteElo "1510"]
[BlackElo "1701"]
[PlyCount "54"]
[EventDate "2019.??.??"]

1. e4 d5 2. exd5 Nf6 3. Bb5+ Bd7 4. Bxd7+ Nbxd7 5. Nc3 Nb6 6. Nf3 Nbxd5 7. Nxd5
Qxd5 8. d4 O-O-O 9. Qd3 h6 10. Be3 g5 11. O-O-O Qxa2 12. b3 Qa3+ 13. Kd2 Qb4+
14. Ke2 Nd7 15. Qf5 f6 16. Ra1 Kb8 17. Ra4 Qd6 18. Rha1 a6 19. c4 e6 20. Qd3
Nc5 21. Qc2 Nxa4 22. Rxa4 Bg7 23. Qa2 f5 24. b4 f4 25. Bc1 g4 26. Ne1 Qxd4 27.
b5 Qd1+ 0-1

[Event "NJSK 2019 Meisjes B"]
[Site "Assen, Netherlands"]
[Date "2019.04.30"]
[Round "3.2"]
[White "De Zoeten, Cato"]
[Black "Tiggelman, Laura"]
[Result "1-0"]
[WhiteElo "1573"]
[BlackElo "1468"]
[PlyCount "85"]
[EventDate "2019.??.??"]

1. e4 c5 2. Nf3 d6 3. d4 cxd4 4. Nxd4 Nf6 5. Nc3 g6 6. Be3 Bg7 7. f3 O-O 8. Qd2
Nc6 9. O-O-O d5 10. Nxc6 bxc6 11. Bh6 Qc7 12. exd5 cxd5 13. g4 Rb8 14. Bxg7
Kxg7 15. h4 Qb7 16. b3 h5 17. Be2 a5 18. Qd4 Kh7 19. Nxd5 Nxd5 20. Qxd5 Qxd5
21. Rxd5 hxg4 22. h5 Bf5 23. hxg6+ Kxg6 24. fxg4 Be4 25. Bd3 Bxd3 26. Rxd3 Rb5
27. Rdh3 f6 28. Rh6+ Kf7 29. Rh7+ Ke6 30. c4 Re5 31. R7h5 Rg8 32. Rxe5+ fxe5
33. Rg1 e4 34. Kd2 Ke5 35. Ke3 e6 36. g5 Rh8 37. g6 Rh3+ 38. Ke2 Rh2+ 39. Kf1
Rh8 40. g7 Rg8 41. Ke2 Kf4 42. a3 Ke5 43. Ke3 1-0

[Event "NJSK 2019 Meisjes B"]
[Site "Assen, Netherlands"]
[Date "2019.04.30"]
[Round "3.3"]
[White "Arnold, Kiri"]
[Black "Adema, Marrit"]
[Result "0-1"]
[WhiteElo "1304"]
[BlackElo "1563"]
[PlyCount "56"]
[EventDate "2019.??.??"]

1. e4 c5 2. Nc3 g6 3. f4 Bg7 4. Nf3 Nc6 5. Bc4 e6 6. O-O Nge7 7. Qe1 b6 8. d3
Bb7 9. Qh4 Nd4 10. f5 gxf5 11. Bg5 Rg8 12. Nxd4 Bxd4+ 13. Kh1 f6 14. Bxf6 Bxf6
15. Qxf6 Ng6 16. Qxd8+ Kxd8 17. Rae1 a6 18. Nb1 b5 19. Bb3 fxe4 20. dxe4 c4 21.
Bxc4 bxc4 22. Nc3 Ke7 23. Na4 Raf8 24. Nc5 Bc6 25. c3 a5 26. b3 d6 27. Na4 cxb3
28. axb3 Bxe4 0-1

[Event "NJSK 2019 Meisjes B"]
[Site "Assen, Netherlands"]
[Date "2019.04.30"]
[Round "3.4"]
[White "Martinez, Sara"]
[Black "De Boer, Marit"]
[Result "0-1"]
[WhiteElo "1632"]
[BlackElo "1454"]
[PlyCount "98"]
[EventDate "2019.??.??"]

1. e4 c6 2. d4 d5 3. exd5 cxd5 4. Bf4 Nf6 5. c3 e6 6. Nf3 Bd6 7. Ne5 Qb6 8. Qb3
Qxb3 9. axb3 Bxe5 10. Bxe5 Nbd7 11. Bb5 Ke7 12. Bc7 Nf8 13. Ba5 Bd7 14. Bb4+
Ke8 15. Na3 a6 16. Bd3 Bc6 17. Nb5 Bxb5 18. Bxb5+ N8d7 19. O-O Rc8 20. Bd3 Nb8
21. f3 Nc6 22. Bc5 Kd7 23. b4 Kc7 24. b5 axb5 25. Bxb5 Ra8 26. b3 Nd7 27. Ba3
Ra7 28. Bxc6 Kxc6 29. c4 Rha8 30. Bb2 Rxa1 31. Rxa1 Rxa1+ 32. Bxa1 dxc4 33.
bxc4 f6 34. Kf2 Nb6 35. c5 Nd5 36. Ke2 Kb5 37. Kd2 Kc4 38. Bb2 Ne7 39. Ke3 Kd5
40. Kd3 Nf5 41. g3 Ne7 42. Kd2 Nc6 43. Ke3 e5 44. dxe5 Nxe5 45. Bxe5 fxe5 46.
Kd3 Kxc5 47. f4 exf4 48. gxf4 Kd5 49. h3 b5 0-1

[Event "NJSK 2019 Meisjes B"]
[Site "Assen, Netherlands"]
[Date "2019.05.01"]
[Round "4.1"]
[White "De Putter, Nina"]
[Black "Arnold, Kiri"]
[Result "0-1"]
[WhiteElo "1701"]
[BlackElo "1304"]
[PlyCount "108"]
[EventDate "2019.??.??"]

1. e4 c5 2. Nf3 Nc6 3. Bb5 Nf6 4. Nc3 Nd4 5. Bc4 d6 6. h3 Bd7 7. d3 e6 8. Nxd4
cxd4 9. Ne2 b5 10. Bb3 Qb6 11. O-O Be7 12. Ng3 h6 13. f4 O-O 14. f5 e5 15. Nh5
a5 16. a3 Bc6 17. Nxf6+ Bxf6 18. Qg4 Kh7 19. Qh5 Kg8 20. Qg6 d5 21. Qg4 dxe4
22. dxe4 a4 23. Ba2 Kh7 24. Kh2 Qb7 25. Re1 b4 26. Qf3 Rab8 27. Bd2 b3 28. cxb3
axb3 29. Bb1 Be7 30. g4 Rfe8 31. g5 hxg5 32. Qh5+ Kg8 33. Bxg5 Bxg5 34. Qxg5
Qe7 35. Qg4 Bb5 36. Rg1 Qf6 37. Qg3 Ba6 38. Bd3 Bxd3 39. Qxd3 Qh4 40. Qg3 Qxg3+
41. Kxg3 Rec8 42. Rac1 Rc2 43. Rxc2 bxc2 44. Kf2 Rxb2 45. Rc1 Ra2 46. Ke2 Rxa3
47. Kd2 Rxh3 48. Rxc2 Rh2+ 49. Kd3 Rxc2 50. Kxc2 f6 51. Kd3 Kh7 52. Ke2 g6 53.
fxg6+ Kxg6 54. Kd3 f5 0-1

[Event "NJSK 2019 Meisjes B"]
[Site "Assen, Netherlands"]
[Date "2019.05.01"]
[Round "4.2"]
[White "Adema, Marrit"]
[Black "De Zoeten, Cato"]
[Result "0-1"]
[WhiteElo "1563"]
[BlackElo "1573"]
[PlyCount "58"]
[EventDate "2019.??.??"]

1. e4 c5 2. Nf3 g6 3. c4 Nc6 4. d4 cxd4 5. Nxd4 Nf6 6. Nc3 d6 7. Be2 Nxd4 8.
Qxd4 Bg7 9. Be3 O-O 10. Qd2 Be6 11. f3 Qa5 12. a3 Rfc8 13. b4 Qd8 14. Rd1 Bxc4
15. Bxc4 Rxc4 16. Na4 b5 17. Nb2 Rc7 18. Qe2 Qc8 19. O-O a6 20. Rc1 Nd7 21. Nd3
Rc4 22. Nf4 Rxc1 23. Rxc1 Qb7 24. Nd5 Ne5 25. Rc7 Qb8 26. Nxe7+ Kf8 27. Rc8+
Qxc8 28. Nxc8 Rxc8 29. Qd3 Nxd3 0-1

[Event "NJSK 2019 Meisjes B"]
[Site "Assen, Netherlands"]
[Date "2019.05.01"]
[Round "4.3"]
[White "De Boer, Marit"]
[Black "Tiggelman, Laura"]
[Result "1-0"]
[WhiteElo "1454"]
[BlackElo "1468"]
[PlyCount "143"]
[EventDate "2019.??.??"]

1. d4 Nf6 2. Nf3 g6 3. c3 Bg7 4. Nbd2 d6 5. Nb3 O-O 6. Bf4 Nbd7 7. Qc1 Re8 8.
Bh6 Bh8 9. e3 e5 10. Bg5 Bg7 11. Be2 h6 12. Bh4 e4 13. Nfd2 g5 14. Bg3 Nf8 15.
Qc2 Ng6 16. O-O-O h5 17. h3 Be6 18. Rde1 a5 19. Bc4 a4 20. Na1 Bxc4 21. Nxc4 b5
22. Nd2 Qd7 23. a3 d5 24. Qd1 Ne7 25. Nc2 Rec8 26. Kb1 Nc6 27. Nb4 Na5 28. Be5
h4 29. Qe2 c5 30. dxc5 Rxc5 31. Bd4 Rcc8 32. Rc1 Nc4 33. Nxc4 Rxc4 34. Rcf1 Qf5
35. g3 Kf8 36. gxh4 gxh4 37. Rfg1 Nh5 38. Bxg7+ Nxg7 39. Qg4 Qe5 40. Qxh4 Ne6
41. Rg4 Rd8 42. Rhg1 Ke8 43. Rg8+ Kd7 44. Rxd8+ Nxd8 45. Rg5 Qc7 46. Rxd5+ Ke8
47. Qh8+ Ke7 48. Qe5+ Qxe5 49. Rxe5+ Ne6 50. Rxb5 Rc8 51. Nd5+ Kd6 52. Nf4 Nc5
53. Rb6+ Ke7 54. h4 Nd3 55. Nxd3 exd3 56. Kc1 Rh8 57. Kd2 Rxh4 58. Kxd3 Rh2 59.
Ke2 Rh1 60. f4 Rh2+ 61. Kd3 Kd7 62. e4 Kc7 63. Rb4 Kd6 64. c4 Rh3+ 65. Kd4 Rh2
66. c5+ Kc6 67. Rb6+ Kc7 68. Kd5 Rh5+ 69. f5 Rh2 70. Ke5 Rc2 71. Kf6 Rxc5 72.
Rb4 1-0

[Event "NJSK 2019 Meisjes B"]
[Site "Assen, Netherlands"]
[Date "2019.05.01"]
[Round "4.4"]
[White "Martinez, Sara"]
[Black "Van Essen, Marieke"]
[Result "1-0"]
[WhiteElo "1632"]
[BlackElo "1510"]
[PlyCount "67"]
[EventDate "2019.??.??"]

1. e4 e5 2. Nf3 Nc6 3. d4 exd4 4. Nxd4 Qf6 5. Be3 Bc5 6. c3 Nge7 7. Bc4 O-O 8.
O-O Qg6 9. Nd2 d6 10. f4 Kh8 11. f5 Qf6 12. N2f3 h6 13. g4 Ne5 14. g5 hxg5 15.
Nxg5 Ng8 16. Qh5+ Nh6 17. Ngf3 Nxf3+ 18. Rxf3 Kh7 19. Rh3 Bd7 20. b4 Bb6 21. a4
a5 22. b5 c6 23. Rb1 Bc5 24. b6 d5 25. exd5 Bxd4 26. Bxd4 Qxf5 27. Bd3 Qg6+ 28.
Bxg6+ fxg6 29. Qe5 Rf7 30. Rh4 Raf8 31. Rf4 Nf5 32. Rbf1 cxd5 33. Qxd5 Bc6 34.
Qe5 1-0

[Event "NJSK 2019 Meisjes B"]
[Site "Assen, Netherlands"]
[Date "2019.05.02"]
[Round "5.1"]
[White "De Zoeten, Cato"]
[Black "De Putter, Nina"]
[Result "1-0"]
[WhiteElo "1573"]
[BlackElo "1701"]
[PlyCount "57"]
[EventDate "2019.??.??"]

1. e4 d5 2. exd5 Nf6 3. Bb5+ Bd7 4. Be2 Nxd5 5. d4 g6 6. Nf3 Bg7 7. O-O O-O 8.
a3 Nc6 9. c4 Nb6 10. Nc3 Bg4 11. d5 Bxf3 12. Bxf3 Ne5 13. c5 Nbd7 14. Be3 Nxf3+
15. Qxf3 Ne5 16. Qe2 c6 17. f4 Nd7 18. dxc6 bxc6 19. Qc2 Rb8 20. Rad1 Qc7 21.
b4 Rfd8 22. Bd4 e5 23. Be3 a5 24. b5 cxb5 25. Nd5 Qb7 26. c6 Rbc8 27. Ne7+ Kh8
28. Nxc8 Qxc8 29. Rxd7 1-0

[Event "NJSK 2019 Meisjes B"]
[Site "Assen, Netherlands"]
[Date "2019.05.02"]
[Round "5.2"]
[White "Tiggelman, Laura"]
[Black "Adema, Marrit"]
[Result "1-0"]
[WhiteElo "1468"]
[BlackElo "1563"]
[PlyCount "75"]
[EventDate "2019.??.??"]

1. e4 c5 2. Nf3 d6 3. c3 Nf6 4. Bd3 Bg4 5. Bc2 Nc6 6. d3 Bxf3 7. Qxf3 g6 8. Nd2
Bg7 9. O-O b5 10. Re1 O-O 11. Nf1 a5 12. Ne3 b4 13. Bd2 Qd7 14. Rab1 Rfb8 15.
Nc4 d5 16. exd5 Nxd5 17. Ba4 Rd8 18. Nb6 Nxb6 19. Bxc6 Qxd3 20. Qxd3 Rxd3 21.
Bxa8 Rxd2 22. Bf3 Bf6 23. Re2 Rd6 24. cxb4 cxb4 25. b3 a4 26. Re4 Nd5 27. Rd1
axb3 28. axb3 e6 29. Rxb4 Ra6 30. Rb8+ Kg7 31. Bxd5 exd5 32. h3 d4 33. Kf1 Be5
34. Rb5 Kf6 35. Ke2 Ra2+ 36. Rd2 Ra1 37. f4 Bxf4 38. Rxd4 1-0

[Event "NJSK 2019 Meisjes B"]
[Site "Assen, Netherlands"]
[Date "2019.05.02"]
[Round "5.3"]
[White "Van Essen, Marieke"]
[Black "De Boer, Marit"]
[Result "0-1"]
[WhiteElo "1510"]
[BlackElo "1454"]
[PlyCount "132"]
[EventDate "2019.??.??"]

1. e4 e5 2. Nf3 Nc6 3. Bc4 Be7 4. Nc3 Nf6 5. O-O O-O 6. a3 d6 7. h3 h6 8. d4
Nh7 9. Nh2 Nxd4 10. Be3 Nc6 11. f4 Be6 12. Nd5 exf4 13. Bxf4 Bg5 14. Bb5 Ne7
15. Nf3 Bxf4 16. Nxf4 Ng6 17. Nxe6 fxe6 18. Bc4 Qd7 19. c3 c6 20. Qa4 b5 21.
Bxb5 cxb5 22. Qb3 a6 23. Rad1 Kh8 24. Rd2 Rad8 25. Rfd1 Qc7 26. Qb4 d5 27. exd5
exd5 28. Rxd5 Rxd5 29. Rxd5 Rd8 30. Qd4 Rxd5 31. Qxd5 Qb6+ 32. Kf1 Nf6 33. Qf5
Ne7 34. Qe5 Ned5 35. Nd4 Qc7 36. Qe6 Qf4+ 37. Ke2 Qe4+ 38. Qxe4 Nxe4 39. Nc6
Nc5 40. Nb8 Nc7 41. Ke3 Na4 42. b3 Nxc3 43. Kd4 Nb1 44. a4 Nd2 45. Kc3 Nf1 46.
Kb4 Ne3 47. g3 Nf5 48. g4 Ne7 49. Kc5 Kg8 50. Nc6 Kf8 51. Nxe7 Kxe7 52. Kc6 Kd8
53. axb5 axb5 54. b4 g6 55. h4 h5 56. g5 Kc8 57. Kd6 Na6 58. Ke6 Nxb4 59. Kf6
Kd8 60. Kxg6 Nd5 61. Kxh5 Ke8 62. Kh6 Ne7 63. h5 Kf8 64. Kh7 b4 65. g6 Nf5 66.
h6 Nxh6 0-1

[Event "NJSK 2019 Meisjes B"]
[Site "Assen, Netherlands"]
[Date "2019.05.02"]
[Round "5.4"]
[White "Arnold, Kiri"]
[Black "Martinez, Sara"]
[Result "1-0"]
[WhiteElo "1304"]
[BlackElo "1632"]
[PlyCount "85"]
[EventDate "2019.??.??"]

1. e4 e6 2. d4 d5 3. Nd2 c5 4. c3 Nc6 5. Ngf3 Qb6 6. Bd3 Nf6 7. O-O Be7 8. dxc5
Bxc5 9. exd5 exd5 10. Nb3 O-O 11. Nxc5 Qxc5 12. Be3 Qd6 13. Qc2 h6 14. h3 Nh5
15. Rfe1 Nf4 16. Rad1 Nxd3 17. Qxd3 Ne7 18. Nd4 a6 19. Nb3 Bf5 20. Bc5 Qxc5 21.
Nxc5 Bxd3 22. Rxd3 Rac8 23. Nd7 Nc6 24. Nxf8 Kxf8 25. Rxd5 Re8 26. Rxe8+ Kxe8
27. Kf1 Ke7 28. Ke2 Ke6 29. Rd3 Ke7 30. a4 a5 31. Rd5 Ke6 32. Rb5 Ne5 33. Rxb7
Nc4 34. b3 Ne5 35. Rb5 Nc6 36. Rb6 Kd5 37. Rxc6 Kxc6 38. Kd3 Kc5 39. Ke4 Kc6
40. b4 axb4 41. cxb4 Kd6 42. b5 Kc5 43. Ke5 1-0

[Event "NJSK 2019 Meisjes B"]
[Site "Assen, Netherlands"]
[Date "2019.05.03"]
[Round "6.1"]
[White "Martinez, Sara"]
[Black "De Zoeten, Cato"]
[Result "1/2-1/2"]
[WhiteElo "1632"]
[BlackElo "1573"]
[PlyCount "40"]
[EventDate "2019.??.??"]

1. e4 c5 2. Nf3 g6 3. d4 cxd4 4. Qxd4 Nf6 5. Nc3 Nc6 6. Qa4 d6 7. e5 dxe5 8.
Nxe5 Bg7 9. Bb5 O-O 10. Nxc6 bxc6 11. Bxc6 Rb8 12. Qxa7 Qd6 13. Bb5 Bb7 14. f3
Rfc8 15. Bd2 Nd5 16. O-O-O Qc7 17. Qa3 Ba8 18. Ba4 Nf4 19. Rhe1 Bf8 20. Ne4
Nxg2 1/2-1/2

[Event "NJSK 2019 Meisjes B"]
[Site "Assen, Netherlands"]
[Date "2019.05.03"]
[Round "6.2"]
[White "De Boer, Marit"]
[Black "Adema, Marrit"]
[Result "0-1"]
[WhiteElo "1454"]
[BlackElo "1563"]
[PlyCount "88"]
[EventDate "2019.??.??"]

1. d4 Nf6 2. Nf3 e6 3. c4 Bb4+ 4. Bd2 Qe7 5. a3 Bxd2+ 6. Nbxd2 Nc6 7. e3 d6 8.
Nb3 e5 9. Qc2 a5 10. d5 Nb8 11. e4 Nbd7 12. a4 O-O 13. Be2 Nb8 14. Nfd2 Na6 15.
Nc1 Nc5 16. O-O Bd7 17. Re1 c6 18. Bd1 cxd5 19. cxd5 Rfc8 20. Qb1 b5 21. b3
bxa4 22. bxa4 Rab8 23. Qa2 Rb4 24. Rb1 Rcb8 25. f3 Bxa4 26. Bxa4 Nxa4 27. Rxb4
Qa7+ 28. Kf1 axb4 29. Ncb3 Qa6+ 30. Kg1 Qb6+ 31. Kf1 Qb5+ 32. Kf2 Nd7 33. Qc2
Ndc5 34. Re3 Nc3 35. h3 Ra8 36. Nc1 g6 37. Kg3 Ra3 38. Kh2 Kg7 39. Kh1 Qa5 40.
Nc4 Qa4 41. Nxa3 Qxa3 42. Kh2 Qa1 43. Nb3 Qa4 44. Na1 Qxa1 0-1

[Event "NJSK 2019 Meisjes B"]
[Site "Assen, Netherlands"]
[Date "2019.05.03"]
[Round "6.3"]
[White "De Putter, Nina"]
[Black "Tiggelman, Laura"]
[Result "0-1"]
[WhiteElo "1701"]
[BlackElo "1468"]
[PlyCount "50"]
[EventDate "2019.??.??"]

1. e4 c5 2. Nf3 d6 3. d4 cxd4 4. Nxd4 Nf6 5. Nc3 g6 6. Be3 Bg7 7. f3 O-O 8. Qd2
Nc6 9. Bc4 Bd7 10. h4 Rc8 11. O-O-O Nxd4 12. Qxd4 Ng4 13. Qd2 Nxe3 14. Bxf7+
Rxf7 15. Qxe3 Qc7 16. h5 Bxc3 17. bxc3 Qxc3 18. Qxc3 Rxc3 19. hxg6 hxg6 20. Kb2
Rc5 21. Rh6 Rg5 22. Rh2 Rh7 23. Rxh7 Kxh7 24. Rh1+ Rh5 25. Rxh5+ gxh5 0-1

[Event "NJSK 2019 Meisjes B"]
[Site "Assen, Netherlands"]
[Date "2019.05.03"]
[Round "6.4"]
[White "Van Essen, Marieke"]
[Black "Arnold, Kiri"]
[Result "1/2-1/2"]
[WhiteElo "1510"]
[BlackElo "1304"]
[PlyCount "45"]
[EventDate "2019.??.??"]

1. e4 c5 2. Nf3 Nc6 3. d4 cxd4 4. Nxd4 e5 5. Nb5 d6 6. Be3 a6 7. N5a3 Nf6 8. f3
b5 9. c4 b4 10. Nc2 Bb7 11. Be2 Be7 12. O-O O-O 13. b3 Qd7 14. Qd2 a5 15. Rd1
Qc7 16. Bf2 Rfd8 17. Qc1 Nh5 18. g3 Nf6 19. Nd2 Nd7 20. Nf1 Bf6 21. a3 Nc5 22.
Qb1 h6 23. a4 1/2-1/2

[Event "NJSK 2019 Meisjes B"]
[Site "Assen, Netherlands"]
[Date "2019.05.04"]
[Round "7.1"]
[White "Arnold, Kiri"]
[Black "De Boer, Marit"]
[Result "1-0"]
[WhiteElo "1304"]
[BlackElo "1454"]
[PlyCount "91"]
[EventDate "2019.??.??"]

1. e4 e5 2. d4 exd4 3. c3 dxc3 4. Nxc3 Nc6 5. Nf3 d6 6. Bc4 Be7 7. Qb3 Na5 8.
Bxf7+ Kf8 9. Qa4 Kxf7 10. Qxa5 Nf6 11. O-O Rf8 12. Be3 b6 13. Qa4 Kg8 14. Rfd1
Qe8 15. Qc4+ d5 16. exd5 Bd6 17. Nb5 Ba6 18. Nxd6 Bxc4 19. Nxe8 Rfxe8 20. d6
cxd6 21. Rxd6 Red8 22. Rxd8+ Rxd8 23. b3 Be2 24. Nd4 Bh5 25. Rc1 Rd7 26. Nb5
Ne8 27. f3 Kf7 28. Kf2 Bg6 29. Bf4 Bd3 30. Nc3 Ba6 31. Ne4 h6 32. Be3 Bb7 33.
Rc2 Bxe4 34. fxe4 Nf6 35. Kf3 Ke6 36. Rc6+ Kf7 37. e5 Kg6 38. exf6 gxf6 39. g4
Kg7 40. Bf4 Re7 41. Rc7 Rxc7 42. Bxc7 Kf7 43. Ke4 Kg6 44. h4 Kg7 45. b4 Kg6 46.
b5 1-0

[Event "NJSK 2019 Meisjes B"]
[Site "Assen, Netherlands"]
[Date "2019.05.04"]
[Round "7.2"]
[White "Adema, Marrit"]
[Black "De Putter, Nina"]
[Result "1/2-1/2"]
[WhiteElo "1563"]
[BlackElo "1701"]
[PlyCount "110"]
[EventDate "2019.??.??"]

1. e4 d5 2. exd5 Nf6 3. Nf3 Nxd5 4. d4 g6 5. c4 Nb6 6. Nc3 Bg7 7. c5 Nd5 8. Bc4
c6 9. O-O O-O 10. Re1 Nxc3 11. bxc3 Bg4 12. Bf4 b5 13. Bb3 Na6 14. h3 Bxf3 15.
Qxf3 Rc8 16. a3 Qd7 17. Bg5 e6 18. Bf6 Nc7 19. Bxg7 Kxg7 20. Rad1 Rcd8 21. g4
Nd5 22. h4 Qe7 23. Qg3 Qc7 24. Re3 Qxg3+ 25. Rxg3 Kh8 26. Kh2 Rg8 27. Bxd5 Rxd5
28. f4 Rgd8 29. Re1 a5 30. Rb1 Rb8 31. Rd3 Rdd8 32. Rd2 Rb7 33. Kg3 Kg7 34. Kf3
f5 35. g5 Kf7 36. Ke3 Rdb8 37. Rdb2 Ke7 38. Kd3 Kd7 39. a4 Kc7 40. axb5 Rxb5
41. Rxb5 Rxb5 42. Rxb5 cxb5 43. c4 b4 44. d5 exd5 45. cxd5 a4 46. Kc4 b3 47.
Kc3 Kd7 48. Kb2 Kc7 49. Ka3 Kd7 50. c6+ Kd6 51. Kb2 Kc7 52. Ka3 Kd6 53. Kb2 Kc7
54. Ka3 Kd6 55. Kb2 Kc7 1/2-1/2